| 000 | 00555cam a22001217a 4500 | ||
|---|---|---|---|
| 008 | 180718b2001 xxu||||| |||| 00| 0 eng d | ||
| 082 | _aR153096 ST73 | ||
| 245 |
_aStopping forced labour: global report under the follow-up to the ILO declaration on fundamental principles and rights at work (International Labour Conference, 89th session 2001, report I(B)) _cInternational Labour Office |
||
| 260 |
_aGeneva _bInternational Labour Office _c2001 |
||
| 300 | _a128+p. | ||
| 650 | _aForced labour - Conference proceedings | ||
| 700 | _aInternational Labour Office | ||
| 999 |
_c490484 _d490484 |
||